Państwa w których żyją gepardy - Statystyki

Ogólne statystyki
  • Ten quiz został rozwiązany 36 razy
  • Średni wynik to 24 z 31
Statystyki odpowiedzi
Państwo % Poprawnych
Sudan
100%
Republika Południowej Afryki
93%
Somalia
93%
Sudan Południowy
93%
Etiopia
90%
Tanzania
90%
Angola
87%
Czad
87%
Kenia
87%
Mozambik
87%
Niger
87%
Kamerun
83%
Mauretania
83%
Nigeria
83%
Senegal
83%
Zambia
83%
Zimbabwe
83%
Mali
80%
Namibia
80%
Republika Środkowoafrykańska
80%
Uganda
80%
Benin
77%
Burkina faso
77%
Algieria
73%
Botswana
73%
Eswatini
70%
Gambia
67%
Malawi
60%
Demokratyczna Republika Konga
53%
Dżibuti
50%
Iran
20%
Nie znaleziono quizów pasujących do podanych kryteriów
Rozkład punktacji
Procent ludzi z każdym wynikiem
Percentyl według liczby udzielonych odpowiedzi
Twoja historia wyników
Nie rozwiązałeś tego quizu